Traité de pathologie médicale et de thérapeutique appliquée / publ. sous la dir. d'Émile Sergent, L. Ribadeau-Dumas, L. Babonneix. (Record no. 188360)
[ view plain ]
| 000 -LEADER | |
|---|---|
| campo de control de longitud fija | 00814nam a2200193 i 4500 |
| 001 - NÚMERO DE CONTROL | |
| campo de control | 188360 |
| 003 - IDENTIFICADOR DE NÚMERO DE CONTROL | |
| campo de control | ES-MaACL |
| 005 - FECHA Y HORA DE LA ÚLTIMA TRANSACCIÓN | |
| campo de control | 20250927110317.0 |
| 008 - DATOS DE LONGITUD FIJA--INFORMACIÓN GENERAL | |
| campo de control de longitud fija | 180903s1921 fr |||| | fre d |
| 245 00 - MENCIÓN DEL TÍTULO | |
| Título | Traité de pathologie médicale et de thérapeutique appliquée / publ. sous la dir. d'Émile Sergent, L. Ribadeau-Dumas, L. Babonneix. |
| Número de parte o sección de la obra | IX, |
| Nombre de parte o sección de la obra | Sympathique et glandes endocrines / |
| Mención de responsabilidad, etc. | par P. Lereboullet, Harvier, Carrion,... [et al.]. |
| 260 ## - PUBLICACIÓN, DISTRIBUCIÓN, ETC. | |
| Lugar de publicación, distribución, etc. | Paris : |
| Nombre del editor, distribuidor, etc. | A. Maloine et fils, |
| Fecha de publicación, distribución, etc. | 1921. |
| 300 ## - DESCRIPCIÓN FÍSICA | |
| Extensión | 349 p. : |
| Otras características físicas | il. ; |
| Dimensiones | 21 cm. |
| 650 #4 - PUNTO DE ACCESO ADICIONAL DE MATERIA--TÉRMINO DE MATERIA | |
| Término de materia o nombre geográfico como elemento de entrada | Sistema nervioso simpático- |
| Subdivisión general | Enfermedades. |
| 9 (RLIN) | 165390 |
| 650 #4 - PUNTO DE ACCESO ADICIONAL DE MATERIA--TÉRMINO DE MATERIA | |
| Término de materia o nombre geográfico como elemento de entrada | Glándulas endocrinas- |
| Subdivisión general | Enfermedades. |
| 9 (RLIN) | 162695 |
| 700 1# - ENTRADA AGREGADA--NOMBRE PERSONAL | |
| Nombre de persona | Lereboullet, Pierre, |
| Fechas asociadas al nombre | 1874-1944 |
| 9 (RLIN) | 165389 |
| 700 0# - ENTRADA AGREGADA--NOMBRE PERSONAL | |
| Nombre de persona | Harvier, Paul. |
| 9 (RLIN) | 62028 |
| 852 ## - LOCALIZACIÓN | |
| Ubicación | ES-MaACL |
| Número de control de estantería | C-16739 |
| Estatus retirado | Estado de pérdida | Estado de daño | No para préstamo | Biblioteca de origen | Biblioteca actual | Ubicación en estantería | Fecha de adquisición | Fuente de adquisición | Total de préstamos | Signatura topográfica completa | Código de barras | Visto por última vez | Precio de reemplazo | Tipo de ítem Koha |
|---|---|---|---|---|---|---|---|---|---|---|---|---|---|---|
| Biblioteca del Ateneo de Madrid | Biblioteca del Ateneo de Madrid | Galería | 03/09/2018 | C-16739 | 1199258 | 23/02/2023 | 23/02/2023 | Libro impreso |
